000
00422nam a2200169Ia 4500
008
220531s9999 xx 000 0 und d
041
_a
mar
100
_a
आचार्य नयना
_9
43057
245
_a
भुलभुल्या
250
_a
1ST
260
_b
Geeta
_c
1999
300
_a
124
542
_d
26-06-2001
650
_a
Marathi
_9
43058
906
_d
2001-2002
_f
7981
999
_c
25621
_d
25621